000
00303nam a22001337a 4500
003
SGT
082
_a
617.69
_b
I26L
100
_a
Lochav, Kirti
245
_a
Implant placement techniques
260
_a
Gurugram
_b
SGTU
_c
2026
300
_a
175
653
_a
Prosthodontics & Crown Bridge
942
_2
ddc
_c
TH
999
_c
34568
_d
34568